00505nam a2200181Ia 450000500170000000800410001702000180005804000190007604100120009508200200010710000190012724500740014626000240022030000120024465000190025665100380027585000100031320221130143058.0131103s9999 xx 000 0 und d aSBN 57108379X aLoreto College aEnglish a821.91bELI-SOU aSoutham, B. C. 2aA Student's guide to the selected poems of T. S. EliotcB. C. Southam aLondonbFaberc1968 a136 p.  aEnglish Poetry aEliot, T. S. - Poetry - Criticism aLCLIB